Profs MMI Laval - Statistiques

Statistiques générales
  • Ce quiz a été pris 29 fois
    21 depuis la dernière actualisation
  • Le résultat moyen est 20 sur 50
Statistiques - réponses
Réponse % Correct
Pirollis
88%
Sabas
88%
Colet
82%
Corbière
82%
Hervagault
82%
Houlière
82%
Puizillout
82%
Iksal
76%
Loiseau
76%
Marne
76%
Schmidt
71%
Venant
71%
Guerrier
65%
Fondjo Pola
59%
Bigoin
53%
Choleau
53%
David
53%
Lemonnier
53%
Loison
53%
Seri
53%
Civet
41%
Fartsi
41%
Guigot
41%
Jolivet
41%
Thomas
41%
Turner
41%
Ndiaye
35%
Buchet
29%
Forest
29%
Guntz
29%
Landry
29%
Houdayer
24%
Mota Vasconcelos
24%
Choquet
18%
Habault
18%
Leray
18%
Mansouri
18%
Pengam
12%
Abgrall
6%
Ballan
6%
Hamza Falih
6%
Kloukpo Yawo
6%
Le Luel
6%
Yayaoui
6%
Beucher
0%
Bondesan
0%
Da Costa
0%
Desmarets
0%
Fournier
0%
Koumtani
0%
Aucun quiz correspondant
Distribution des résultats
% des personnes avec chaque résultat
Percentile par nombre de réponses
Votre historique - résultats
Vous n’avez pas pris ce quiz depuis la dernière actualisation